Missing Word: Books Beginning with 'W' Quiz Stats

 Plays Quiz Updated Jan 7, 2016

Score 0/24 Timer 04:00
0 Plays Today
BOOKS ANSWER % Correct
Winnie-the-____Pooh
99%
War and ____Peace
98.7%
Wuthering ____Heights
98%
Where the Wild ____ AreThings
94.7%
The World ____ to GarpAccording
94.1%
Watership ____Down
93.6%
The War of the ____Worlds
93.6%
The Wonderful ____ of OzWizard
92.8%
A Wrinkle in ____Time
90.8%
The Wind in the ____Willows
89.6%
Where the ____ Fern GrowsRed
87%
The Witches of ____Eastwick
82.6%
BOOKS ANSWER % Correct
We Need to ____ About KevinTalk
78.6%
The Winter Of Our ____Discontent
76.8%
White ____Fang
75%
Waiting to ____Exhale
74%
The Wealth of ____Nations
68.4%
Wide Sargasso ____Sea
64.4%
Women in ____Love
60%
The Woman in ____White
55.2%
The Waste ____Land
52.7%
When You Are Engulfed In ____Flames
48.8%
Winesburg, ____Ohio
38%
Winter's ____Bone
36.8%

Today's Daily Dose

You're not logged in!

Compare scores with friends on all Sporcle quizzes.
Join for Free
OR
Log In

You Might Also Like...

Show Comments

Extras

Top Quizzes Today


Score Distribution

Your Account Isn't Verified!

In order to create a playlist on Sporcle, you need to verify the email address you used during registration. Go to your Sporcle Settings to finish the process.

Report this User

Report this user for behavior that violates our Community Guidelines.

Details: